История Россия: #9: Иван Грозный - Statistics

General Stats
  • This quiz has been taken 88 times
    71 since last reset
  • The average score is 20 of 49
Answer Stats
Вопрос Ответ % Correct
Венчание Ивана IV на царство,московский пожар 1547
73%
Судебник Ивана IV 1550
65%
Приближенный Ивана IV, позднее сбежавший в Литву А.Ф. Курбский
64%
Храм, возведенный в честь взятияКазани Собор Покрова на Рву
62%
Первый Земский собор 1549
60%
Монета, созданная в ходе денежнойреформы Елены Глинской Копейка
58%
Неофициальное правительство вначале самостоятельного правления Ивана IV Избранная рада
58%
Первый книгопечатник России Иван Федоров
58%
Регентство Елены Глинской 1533-1538
58%
Существование опричнины 1565-1572
58%
Стоглавый собор 1551
56%
Столица опричнины Александровская слобода
56%
Денежная реформа Елены Глинской 1535
53%
Любимый опричник Ивана IV Малюта Скуратов-Бельский
53%
Митрополит в 1542-1563, известныйблизостью к Ивану IV, канонизацией многих русских святых, созывом Стоглавого собора Макарий
51%
Нестяжатель, приближенный ИванаIV, автор известного сборника правил и наставлений Сильвестр
49%
Первая печатная книга России Апостол
47%
Стрелецкая реформа 1550
45%
Окончание губной реформы, отменакормлений 1556
45%
Боярские кланы, боровшиесяза власть после смерти Елены Глинской Бельские, Шуйские, Глинские
45%
Родина Елены Глинской Литва
44%
Боярское правление при Иване IV 1538-1547
44%
Первое введение заповедных лет 1581
44%
Архитектор собора, созданногопосле взятия Казани Барма Постник
42%
Исторический район Москвы, образованный пристройкой к Кремлю новой крепостной стены в 1538 Китай-город
40%
Орган центрального управления Приказ
40%
Человек, которому Иван IV на времяпередал царский титул в 1575 году Симеон Бекбулатович
40%
Убийство царевича Ивана Ивановича 1581
40%
Известный сборник правил и наставлений Домострой
38%
Митрополит, убитый опричником Филипп Колычев
36%
Уложение о службе 1556
35%
Один из последних удельных князей
на Руси, двоюродный брат Ивана IV,
имевший шанс занять его место из-за тяжелой болезни, убит в 1569
Владимир Старицкий
33%
Новгородский погром 1569
33%
Первая жена Ивана Грозного А.Р. Захарьина- Юрьева
31%
Мера земли, главная податная единица по реформе 1550 года Большая соха
29%
Постельничий и глава Челобитногоприказа, приближенный Ивана IV А.Ф. Адашев
29%
Реформы Елены Глинской,направленные на централизацию государства Губная реформа,унификация мер и весов
29%
Оттенок водки того времени Зеленый
24%
Один из инициаторов опричнины, попавший в опалу и казненный, вероятно из-за интриг любимого опричника Ивана IV А.Д. Басманов
24%
Произведение, созданное подруководством митрополита, ставшее сводом ключевых церковных текстов Великие Четьи-минеи
22%
Вторая жена Ивана Грозного Мария Темрюковна
22%
Болезнь Ивана Грозного, вызвавшаякризис власти и дальнейшее недоверие царя к приближенным 1553
22%
Полководец, руководивший взятиемКазани, войсками в битве при Молодях М.И. Воротынский
20%
Брат Василия III, недовольный тиранией Глинских, умерший в заключении в 1537 Андрей Старицкий
18%
Итальянский архитектор, активно работавший в Москве в 1530-х, пристроивший к Кремлю новую крепостную стену Петрок Малый Фрязин
18%
Фаворит Елены Глинской И.Ф. Овчина Телепнев-Оболенский
18%
Текст, содержащий в себе указ обиспомещение подмосковными землями тысячи "избранных слуг" Тысячная книга
16%
Поминальная книга Ивана IV, включающая список казненных им бояр, объявляющая им прощение Синодик опальных
15%
Брат Василия III, схваченныйвскоре после смерти брата, умерший в заключении в 1536 Юрий Дмитровский
13%
No matching quizzes found
Score Distribution
Percent of People with Each Score
Percentile by Number Answered
Your Score History
You have not taken this quiz since the last reset